000 00811 a2200241 4500
003 OSt
005 20180116192350.0
008 120531t xxu||||| |||| 00| 0 eng d
010 _a 98026043
020 _a0813526132 (cloth : alk. paper)
020 _a0813526140 (pbk. : alk. paper)
040 _c0
082 0 0 _a514.7420
100 1 _aEglash, Ron,
_93146
245 1 0 _aAfrican fractals :
_bmodern computing and indigenous design /
_cRon Eglash.
260 _aNew Brunswick, N.J. :
_bRutgers University Press,
_cc1999.
300 _axi, 258 p. :
_bill. ;
_c26 cm.
650 1 0 _aEthnomathematics
_zAfrica.
_93147
650 1 0 _aFractals.
_93148
650 1 0 _aMathematics
_xSocial aspects.
_93149
942 _aSADA
_cBK
_k514.7420 EGL 1999
_2ddc
999 _c352891
_d352891